00718nam a22002177a 450000500170000001000150001702000260003203500140005803700130007208200110008510000230009624501310011925000130025026000400026327000640030330000390036750000190040650000330042570000240045870000180048220170814123258.0 aENG-119684 a9789386235251c850.00 aEN-103216 bDBAD/PUB a576.05 aAnanthanarayan, R. aAnanthanarayan and Paniker's textbook of microbiology /cby R Ananthanarayan [and] CK Jayaram Paniker ; edited by Reba Kanungo a10th ed. aHyderabadbUniversities Pressc2013 a3-6-747/1/A and 3-6-754/1, Himayatnagar,bHyderabade500029 avii,716p. :c28cm(pbk)bill.(col.) aIncludes index aWith MCQ booklet of 72 pages aPaniker, CK Jayaram aKanungo, Reba